000 00916nam a2200205Ii 4500
003 JO-AjNU
008 230605s9999||||xx |||||||||||||| ||und||
040 _aJO-AjNU
_bara
_erda
_cJO-AjNU
041 _aara
050 1 4 _aHD30.28 2013
100 3 _aاعداد احمد، رفعت محمد الصغير,
_eauthor
_952061
245 0 0 _aصياغة التوقعات الرشيدة في الدراسات التطبيقية: دراسة مسحية
264 3 1 _aالقاهرة: المنظمة العربية للتنمية الادارية، 2013
300 _a86ص
_bيحتوي على ببلوغرافية من 72-86ص
336 _atext
_btxt
_2rdacontent
337 _aunmediated
_bn
_2rdamedia
338 _avolume
_bnc
_2rdacarrier
490 0 _aاصدار خاص عن المجلة العربية للادارة
650 4 _aالاقتصاد - مناهج البحث - الادارة الاستراتيجية
_952062
999 _aA23039
_c26607
_d26607